[Event "22nd Hoogeveen Open 2018"]
[Site "Hoogeveen"]
[Date "2018.10.27"]
[Round "9"]
[White "Damen, Jip"]
[Black "Van Delft, Merijn"]
[Result "1/2-1/2"]
[WhiteElo "2192"]
[BlackElo "2381"]
[Annotator "NA"]
[PlyCount "97"]
[EventDate "2018.10.20"]
[EventType "swiss"]
[EventCountry "NED"]
[SourceTitle "playchess.com"]
[Source "ChessBase"]
[SourceQuality "1"]
[TimeControl "40/5400+30:1800+30"]

1. c4 {[%emt 0:00:00]} Nf6 {[%emt 0:00:23]} 2. Nc3 {[%emt 0:00:00]} g6 {[%emt 0:00:08]} 3. g3 {[%emt 0:00:46]} Bg7 {[%emt 0:00:05]} 4. Bg2 {[%emt 0:00:04]} O-O {[%emt 0:00:09]} 5. Nf3 {[%emt 0:00:09]} d6 {[%emt 0:00:05]} 6. O-O {[%emt 0:00:11]} Nc6 {[%emt 0:00:14]} 7. d4 {[%emt 0:00:10]} a6 {[%emt 0:00:17]} 8. b3 {[%emt 0:00:26]} Rb8 {[%emt 0:00:13]} 9. Nd5 {[%emt 0:00:21]} Bg4 {[%emt 0:00:51]} 10. Bb2 {[%emt 0:01:29] E63: King's Indian: Fianchetto: Panno Variation with 7...a6} (10. Nxf6+ Bxf6 11. Bb2 Qc8 12. Qd2 Qf5 13. Rac1 Bxf3 14. exf3 e6 15. h4 Bg7 16. d5 Bxb2 17. Qxb2 exd5 18. cxd5 Qxd5 {½-½ (62) Swiercz,D (2669)-Neef,M (2463) Barcelona 2018}) 10... Nxd5 {[%emt 0:01:35]} 11. cxd5 {[%emt 0:00:29]} Nb4 {[%emt 0:00:06] LiveBook: 21 Games} 12. h3 {[%emt 0:00:44]} Bd7 {[%emt 0:00:55]} 13. e4 {[%emt 0:00:59]} a5 {[%emt 0:00:15]} 14. a3 {[%emt 0:01:20]} Na6 {[%emt 0:00:06]} 15. Qd2 $146 {[%emt 0:00:56]} ({Predecessor:} 15. Qe2 $14 c6 16. dxc6 Bxc6 17. Rac1 Qb6 {½-½ (46) Vasilev,M (2480)-Safranska,A (2307) Pontevedra 2003}) 15... c6 {[%emt 0:02:02]} 16. dxc6 {[%emt 0:03:04]} bxc6 {[%emt 0:00:06]} 17. Bc3 {[%emt 0:00:37]} Rxb3 {[%emt 0:00:50]} 18. Bxa5 {[%emt 0:00:13]} Qb8 {[%emt 0:02:15]} 19. Qc2 {[%emt 0:03:42]} c5 {[%emt 0:01:57]} 20. Rab1 {[%emt 0:02:09]} Ba4 {[%emt 0:10:40]} 21. Rxb3 {[%emt 0:00:34]} Qxb3 {[%emt 0:05:15]} 22. Qxb3 {[%emt 0:00:24]} Bxb3 {[%emt 0:00:03]} 23. Rb1 {[%emt 0:07:52]} Bc4 {[%emt 0:01:56]} 24. Nd2 {[%emt 0:12:20]} Bd3 {[%emt 0:00:40]} 25. Rb3 {[%emt 0:00:40]} c4 {[%emt 0:04:40]} 26. Rb6 {[%emt 0:00:54]} Rb8 {[%emt 0:08:17]} 27. Bf1 {[%emt 0:08:32]} Bxf1 {[%emt 0:13:23]} 28. Kxf1 {[%emt 0:10:06]} Bxd4 {[%emt 0:01:12]} 29. Rxb8+ {[%emt 0:12:36]} Nxb8 {[%emt 0:00:09]} 30. Nxc4 {[%emt 0:00:10]} f5 {[%emt 0:00:08]} 31. exf5 {[%emt 0:03:29]} gxf5 {[%emt 0:00:10]} 32. g4 {[%emt 0:00:38]} Kf7 {[%emt 0:03:25]} 33. Ke2 {[%emt 0:01:34]} Nc6 {[%emt 0:02:22]} 34. Bd2 {[%emt 0:00:30]} fxg4 {[%emt 0:05:13]} 35. hxg4 {[%emt 0:00:08]} Ke6 {[%emt 0:00:37]} 36. f4 {[%emt 0:00:57]} Bc5 {[%emt 0:02:06]} 37. a4 {[%emt 0:02:22]} Kd5 {[%emt 0:02:26]} 38. Kd3 {[%emt 0:01:11]} Nb4+ $16 {[%emt 0:01:27]} (38... e5 $11) 39. Bxb4 {[%emt 0:03:27]} Bxb4 {[%emt 0:00:23]} 40. Ne3+ {[%emt 0:00:16]} Kc6 {[%emt 0:03:58]} 41. f5 {[%emt 0:32:43]} d5 {[%emt 0:30:20]} 42. g5 {[%emt 0:00:35]} e5 {[%emt 0:01:23]} 43. fxe6 {[%emt 0:00:44]} Be7 {[%emt 0:01:00]} 44. Nf5 {[%emt 0:00:58]} Bxg5 {[%emt 0:00:26]} 45. e7 {[%emt 0:01:17]} Bxe7 {[%emt 0:03:02]} 46. Nxe7+ {[%emt 0:00:20]} Kc5 {[%emt 0:00:06]} 47. a5 {[%emt 0:01:09]} Kb5 {[%emt 0:00:39]} 48. Nxd5 {[%emt 0:00:15]} Kxa5 {[%emt 0:00:07]} 49. Ke4 {[%emt 0:00:11]} 1/2-1/2

[Event "22nd Hoogeveen Open 2018"]
[Site "Hoogeveen"]
[Date "2018.10.27"]
[Round "9"]
[White "Giacomini, Hector"]
[Black "Kuipers, Stefan"]
[Result "0-1"]
[WhiteElo "2178"]
[BlackElo "2467"]
[Annotator "ChessBase"]
[PlyCount "68"]
[EventDate "2018.10.20"]
[EventType "swiss"]
[EventCountry "NED"]
[SourceTitle "playchess.com"]
[Source "ChessBase"]
[SourceQuality "1"]
[TimeControl "40/5400+30:1800+30"]

1. d4 {[%emt 0:00:00]} d5 {[%emt 0:00:00]} 2. Nf3 {[%emt 0:00:00]} Nf6 {[%emt 0:00:00]} 3. c4 {[%emt 0:00:00]} c6 {[%emt 0:00:00]} 4. Nc3 {[%emt 0:00:10]} e6 {[%emt 0:00:00]} 5. Bg5 {[%emt 0:00:19]} dxc4 {[%emt 0:04:14]} 6. e4 {[%emt 0:00:18]} b5 {[%emt 0:00:10]} 7. e5 {[%emt 0:00:37]} h6 {[%emt 0:00:05]} 8. Bh4 {[%emt 0:00:12]} g5 {[%emt 0:00:05]} 9. Nxg5 {[%emt 0:00:30]} hxg5 {[%emt 0:00:05]} 10. Bxg5 {[%emt 0:00:10]} Nbd7 {[%emt 0:00:17]} 11. exf6 {[%emt 0:00:33]} Qa5 {[%emt 0:00:11]} 12. g3 {[%emt 0:14:02]} b4 {[%emt 0:02:17]} 13. Ne4 {[%emt 0:01:30]} Ba6 {[%emt 0:00:19]} 14. Be2 {[%emt 0:11:05]} Qf5 {[%emt 0:14:14]} 15. f3 {[%emt 0:01:02]} O-O-O {[%emt 0:00:29]} 16. Qa4 {[%emt 0:04:23]} Kb7 {[%emt 0:01:16]} 17. O-O-O {[%emt 0:02:59]} Nb6 {[%emt 0:07:16]} 18. Qc2 {[%emt 0:00:25]} Qa5 {[%emt 0:00:28]} 19. Kb1 {[%emt 0:03:33]} Bb5 {[%emt 0:01:56]} 20. Rd2 {[%emt 0:14:11]} c3 {[%emt 0:09:39]} 21. Bxb5 {[%emt 0:06:12]} Qxb5 {[%emt 0:00:34]} 22. Rd3 {[%emt 0:00:54]} cxb2 {[%emt 0:08:27]} 23. Kxb2 {[%emt 0:03:07]} c5 {[%emt 0:05:13]} 24. Rc1 {[%emt 0:12:24]} c4 {[%emt 0:00:52]} 25. Rdd1 {[%emt 0:02:19]} a5 {[%emt 0:01:36]} 26. h4 {[%emt 0:02:30]} Rd7 {[%emt 0:09:26]} 27. Ka1 {[%emt 0:03:18]} b3 {[%emt 0:02:27]} 28. axb3 {[%emt 0:01:21]} cxb3 {[%emt 0:00:07]} 29. Qf2 {[%emt 0:01:52]} Nc4 {[%emt 0:03:17]} 30. Rxc4 {[%emt 0:01:50]} Qxc4 {[%emt 0:00:08]} 31. Kb1 {[%emt 0:01:57]} Ba3 {[%emt 0:01:52]} 32. Bc1 {[%emt 0:01:01]} Rxd4 {[%emt 0:00:53]} 33. Re1 {[%emt 0:05:08]} Qd3+ {[%emt 0:00:56]} 34. Ka1 {[%emt 0:00:16]} Ra4 {[%emt 0:00:06]} 0-1

[Event "22nd Hoogeveen Open 2018"]
[Site "Hoogeveen"]
[Date "2018.10.27"]
[Round "9"]
[White "Clemens, Adrian"]
[Black "Murray, David"]
[Result "1/2-1/2"]
[WhiteElo "2153"]
[BlackElo "2222"]
[Annotator "NA"]
[PlyCount "104"]
[EventDate "2018.10.20"]
[EventType "swiss"]
[EventCountry "NED"]
[SourceTitle "playchess.com"]
[Source "ChessBase"]
[SourceQuality "1"]
[TimeControl "40/5400+30:1800+30"]

1. d4 {[%emt 0:00:00]} Nf6 {[%emt 0:00:00]} 2. c4 {[%emt 0:00:00]} c5 {[%emt 0:00:00]} 3. d5 {[%emt 0:00:20]} b5 {[%emt 0:00:00]} 4. Qc2 {[%emt 0:00:56]} b4 {[%emt 0:01:02]} 5. e4 {[%emt 0:03:33]} d6 {[%emt 0:00:09]} 6. Nf3 {[%emt 0:01:50]} g6 {[%emt 0:00:38] LiveBook: 27 Games} 7. b3 {[%emt 0:00:26] A57: Benko/Volga Gambit} (7. Bd3 Bg7 8. h3 O-O 9. Bg5 a5 10. Nbd2 e5 11. g4 a4 12. Ke2 h6 13. Bh4 g5 14. Bg3 Re8 15. Nf1 Nbd7 16. Ne3 Nf8 17. Qd2 Ng6 18. Rag1 {½-½ (18) Akobian,V (2632)-Ramirez,A (2587) Arlington 2015}) 7... Nxe4 $1 {[%emt 0:04:25]} 8. Bb2 {[%emt 0:03:13]} ({Not} 8. Qxe4 $2 Bg7 $19) 8... Nf6 {[%emt 0:00:34]} 9. Bd3 {[%emt 0:00:20]} Bg7 {[%emt 0:01:30]} 10. O-O {[%emt 0:00:09]} O-O {[%emt 0:01:11]} 11. Nbd2 {[%emt 0:00:05]} a5 $146 {[%emt 0:04:42]} ({Predecessor:} 11... Qc7 12. Rfe1 e5 13. dxe6 fxe6 {1-0 (44) Pogan,N (2144)-Schmidt,O (2182) Stuttgart 2010}) 12. a4 {[%emt 0:07:18]} e5 {[%emt 0:02:49]} 13. dxe6 {[%emt 0:00:37]} fxe6 {[%emt 0:03:01]} 14. Ne4 {[%emt 0:03:21]} Nc6 {[%emt 0:07:20]} 15. Nxf6+ {[%emt 0:05:05]} Bxf6 {[%emt 0:00:18]} 16. Be4 {[%emt 0:00:45]} Ra6 {[%emt 0:07:56]} 17. Rad1 {[%emt 0:03:43]} Ne7 {[%emt 0:10:46]} 18. Ne5 {[%emt 0:17:50]} Qc7 {[%emt 0:06:32]} 19. Ng4 {[%emt 0:01:30]} Bxb2 {[%emt 0:00:36]} 20. Qxb2 {[%emt 0:00:06]} e5 {[%emt 0:01:06]} 21. Ne3 {[%emt 0:00:39]} (21. h3 $11 {remains equal.}) 21... Bb7 {[%emt 0:07:54]} 22. Bd5+ {[%emt 0:06:01]} Bxd5 {[%emt 0:02:42]} 23. Nxd5 {[%emt 0:00:25]} Nxd5 {[%emt 0:00:19]} 24. Rxd5 {[%emt 0:00:06]} Rf4 {[%emt 0:00:38]} 25. Rfd1 {[%emt 0:03:05]} Rd4 {[%emt 0:00:39]} 26. Qe2 {[%emt 0:01:18]} Qf7 {[%emt 0:02:03]} 27. Rd3 $15 {[%emt 0:08:43]} Qf6 {[%emt 0:09:45]} 28. h3 {[%emt 0:11:43]} Ra8 {[%emt 0:03:06]} 29. f4 {[%emt 0:07:57]} Rxd5 {[%emt 0:03:27]} 30. Rxd5 {[%emt 0:00:22]} exf4 {[%emt 0:00:33]} 31. Qd3 {[%emt 0:02:12]} Rd8 {[%emt 0:01:03]} 32. Qd1 {[%emt 0:02:20]} Kf7 {[%emt 0:03:19]} 33. Rd3 {[%emt 0:01:26]} Qe5 {[%emt 0:01:57]} 34. Qf3 {[%emt 0:01:31]} Re8 {[%emt 0:02:29]} 35. Qc6 {[%emt 0:01:56]} Re7 {[%emt 0:05:13]} 36. Qxd6 {[%emt 0:02:07]} Qxd6 {[%emt 0:00:51]} 37. Rxd6 {[%emt 0:00:06]} Re3 {[%emt 0:00:27]} 38. Ra6 {[%emt 0:01:10]} Rxb3 {[%emt 0:00:09]} 39. Rxa5 {[%emt 0:00:05]} Ra3 {[%emt 0:03:06]} 40. Rxc5 {[%emt 0:00:42]} Ke6 {[%emt 0:03:21]} 41. a5 {[%emt 0:33:57]} b3 {[%emt 0:02:39]} 42. Rb5 {[%emt 0:00:00]} g5 {[%emt 0:03:47]} 43. a6 {[%emt 0:00:00]} Rxa6 {[%emt 0:00:48]} 44. Rxb3 {[%emt 0:00:00]} Rc6 {[%emt 0:04:05]} 45. g3 {[%emt 0:00:00]} Rxc4 {[%emt 0:02:11]} 46. gxf4 {[%emt 0:00:00]} gxf4 {[%emt 0:00:46]} 47. Kg2 {[%emt 0:00:00]} Kf5 {[%emt 0:01:49]} 48. Kf3 {[%emt 0:00:00]} Re4 {[%emt 0:02:57]} 49. Ra3 {[%emt 0:00:00]} Re5 {[%emt 0:00:25]} 50. h4 {[%emt 0:00:14]} Rb5 {[%emt 0:00:45]} 51. Rc3 {[%emt 0:00:23]} Ra5 {[%emt 0:00:12]} 52. Rb3 {[%emt 0:00:05]} Rc5 {[%emt 0:00:14] Ke4+ [%emt 00:00:18] Ke5+ [%emt 00:00:01]} 1/2-1/2

[Event "22nd Hoogeveen Open 2018"]
[Site "Hoogeveen"]
[Date "2018.10.27"]
[Round "9"]
[White "Pham, Khoi"]
[Black "Winkels, Marcel"]
[Result "0-1"]
[WhiteElo "2153"]
[BlackElo "1935"]
[Annotator "NA"]
[PlyCount "76"]
[EventDate "2018.10.20"]
[EventType "swiss"]
[EventCountry "NED"]
[SourceTitle "playchess.com"]
[Source "ChessBase"]
[SourceQuality "1"]
[TimeControl "40/5400+30:1800+30"]

1. d4 {[%emt 0:00:00]} d5 {[%emt 0:00:00]} 2. Nf3 {[%emt 0:00:00]} Nf6 {[%emt 0:00:00]} 3. c4 {[%emt 0:00:00]} c6 {[%emt 0:00:27]} 4. Nc3 {[%emt 0:00:00]} e6 {[%emt 0:00:05]} 5. Bg5 {[%emt 0:00:00]} dxc4 {[%emt 0:00:43]} 6. e4 {[%emt 0:01:13]} b5 {[%emt 0:00:07]} 7. e5 {[%emt 0:01:14]} h6 {[%emt 0:00:13]} 8. Bh4 {[%emt 0:03:37]} g5 {[%emt 0:00:12]} 9. exf6 {[%emt 0:00:19]} gxh4 {[%emt 0:00:23]} 10. Be2 {[%emt 0:03:01]} (10. Ne5 $15 Qxf6 11. a4) 10... Qxf6 {[%emt 0:07:50]} 11. Ne5 {[%emt 0:04:53]} Nd7 {[%emt 0:03:48]} 12. Nxc6 {[%emt 0:04:27]} Bb7 {[%emt 0:16:07] D44: Semi-Slav: Botvinnik System} 13. Bf3 {[%emt 0:07:08] [#]} a6 $1 {[%emt 0:07:45] LiveBook: 16 Games} 14. O-O {[%emt 0:05:31]} Rc8 {[%emt 0:17:03]} 15. Nd5 {[%emt 0:10:35]} Qg5 {[%emt 0:04:27]} 16. Ndb4 $146 {[%emt 0:01:27]} ({Predecessor:} 16. Na7 exd5 17. Nxc8 Bxc8 18. Re1+ Kd8 19. b3 Bd6 20. bxc4 dxc4 {0-1 (36) Bergez,L (2395)-Banusz,T (2450) Budapest 2006}) 16... Bxb4 {[%emt 0:12:29]} (16... Qf5 $19 {has better winning chances.} 17. Bg4 Qf4) 17. Nxb4 {[%emt 0:00:40]} Bxf3 {[%emt 0:02:43]} 18. Qxf3 {[%emt 0:00:06]} O-O {[%emt 0:01:23]} 19. Nxa6 {[%emt 0:02:26]} Kh8 {[%emt 0:05:34]} 20. h3 {[%emt 0:03:47]} Rg8 {[%emt 0:01:00]} 21. Rae1 {[%emt 0:04:21]} Rg7 {[%emt 0:05:20]} 22. Re4 {[%emt 0:01:17]} Qd5 {[%emt 0:01:12]} (22... Nf6 $15 23. Re5 Qg6) 23. Nb4 $11 {[%emt 0:00:36]} Qa8 {[%emt 0:00:37]} 24. d5 {[%emt 0:04:31]} Rcg8 {[%emt 0:05:31]} 25. Rxh4 {[%emt 0:08:20]} Rxg2+ {[%emt 0:01:15]} 26. Kh1 {[%emt 0:01:21]} Qf8 {[%emt 0:01:09]} 27. Rg4 {[%emt 0:06:19]} R2xg4 {[%emt 0:00:29]} 28. hxg4 {[%emt 0:00:29]} Qxb4 {[%emt 0:02:22]} 29. Qxf7 {[%emt 0:00:38]} Rg7 {[%emt 0:00:37]} 30. Qxe6 {[%emt 0:01:51]} Qe7 {[%emt 0:00:44]} 31. f3 {[%emt 0:01:19]} Qxe6 {[%emt 0:00:55]} 32. dxe6 {[%emt 0:00:11]} Nc5 {[%emt 0:00:24]} 33. Re1 {[%emt 0:00:48]} Re7 {[%emt 0:00:36]} 34. Re5 {[%emt 0:01:23]} Nd3 {[%emt 0:00:38]} 35. Rxb5 {[%emt 0:00:59]} Rxe6 {[%emt 0:00:05]} 36. Kg2 {[%emt 0:05:17]} Re2+ {[%emt 0:00:14]} 37. Kg3 {[%emt 0:00:18]} Rxb2 {[%emt 0:01:38]} 38. Rh5 {[%emt 0:00:20]} c3 {[%emt 0:00:37]} 0-1

[Event "22nd Hoogeveen Open 2018"]
[Site "Hoogeveen"]
[Date "2018.10.27"]
[Round "9"]
[White "Mellema, Andries"]
[Black "Van de Pavoordt, Max"]
[Result "1/2-1/2"]
[WhiteElo "2140"]
[BlackElo "2034"]
[Annotator "TA"]
[PlyCount "33"]
[EventDate "2018.10.20"]
[EventType "swiss"]
[EventCountry "NED"]
[SourceTitle "playchess.com"]
[Source "ChessBase"]
[SourceQuality "1"]

{[%evp 13,33,-15,2,-9,-10,-20,-18,-11,-14,-14,-11,-9,-13,-24,-11,-8,0,-8,-8,-4,-9,-24]} 1. e4 e6 2. d4 d5 3. exd5 exd5 4. Nc3 c6 5. Bd3 Bd6 6. Nge2 Ne7 7. Bf4 Bf5 {LiveBook: 5 Games. C01: French: Exchange Variation} (7... O-O 8. Qd2 Bf5 9. O-O Bxd3 10. Qxd3 Na6 11. a3 Nc7 12. Bxd6 Qxd6 13. Qg3 Rad8 {½-½ (13) Cabarkapa,N (2438)-Drazic,S (2453) Palic 2017}) 8. Bxd6 Qxd6 9. Ng3 Bxd3 10. Qxd3 Nd7 11. O-O O-O 12. Rfe1 Rae8 13. Re3 Nf6 14. Rae1 {The position is equal.} Ng6 15. Rxe8 Rxe8 16. Rxe8+ Nxe8 17. a3 $146 ({Predecessor:} 17. Qe3 Qe7 18. Qxe7 Nxe7 {½-½ (45) Maier,C-Raupp,T (2275) Buehl 1983}) 1/2-1/2

[Event "22nd Hoogeveen Open 2018"]
[Site "Hoogeveen"]
[Date "2018.10.27"]
[Round "9"]
[White "Hilwerda, Jonas"]
[Black "Colijn, Stefan"]
[Result "0-1"]
[WhiteElo "2109"]
[BlackElo "2340"]
[Annotator "TA"]
[PlyCount "32"]
[EventDate "2018.10.20"]
[EventType "swiss"]
[EventCountry "NED"]
[SourceTitle "playchess.com"]
[Source "ChessBase"]
[SourceQuality "1"]

{[%evp 9,9,50]} 1. e4 g6 2. d4 Bg7 3. Nc3 d6 4. Be3 a6 5. Qd2 {Vorgänger:} b5 $146 6. f3 Nd7 7. h4 h5 8. Nh3 Bb7 9. Ng5 e6 10. O-O-O Qe7 11. Ne2 Ngf6 12. Nf4 e5 13. dxe5 Nxe5 14. Kb1 Rb8 15. Be2 O-O 16. Ba7 Rbd8 {1-0 (37) Sjugirov,S (2654)-Chigaev,M (2599) Sochi 2018} 0-1

[Event "22nd Hoogeveen Open 2018"]
[Site "Hoogeveen"]
[Date "2018.10.27"]
[Round "9"]
[White "De Boer, Bas"]
[Black "Tomilova, Elena"]
[Result "0-1"]
[WhiteElo "2102"]
[BlackElo "2328"]
[Annotator "TA"]
[PlyCount "50"]
[EventDate "2018.10.20"]
[EventType "swiss"]
[EventCountry "NED"]
[SourceTitle "playchess.com"]
[Source "ChessBase"]
[SourceQuality "1"]

{[%evp 23,50,0,11,0,0,-4,3,-54,-30,-40,-38,-57,-47,-44,-53,-54,-62,-142,-140,-330,-311,-303,-306,-631,-631,-612,-581,-29990,-1804]} 1. Nf3 {Ftacnik,L} d5 2. e3 Nf6 3. c4 c6 4. Nc3 e6 5. d4 Nbd7 6. Qc2 Bd6 7. Bd3 O-O 8. O-O dxc4 9. Bxc4 e5 10. Rd1 Qe7 11. e4 exd4 12. Nxd4 Nb6 {LiveBook: 7 Games. D46: Semi-Slav: 5 e3 Nbd7 6 Bd3, Black avoids the Meran} 13. Be2 Re8 {[%cal Rf6e4] [#]} (13... Qe5 $2 14. Nf3 $18) 14. Bg5 $146 ({Predecessor:} 14. Be3 Bd7 15. f3 Rad8 16. Bf1 Nbd5 17. Bf2 Nxc3 18. bxc3 Bc8 19. Rab1 Qc7 20. g3 {0-1 (38) Salov,V (2655)-Ivanchuk,V (2720) Dortmund 1992 CBM 029 [Ftacnik,L]}) 14... h6 {The position is equal.} 15. Bxf6 ({White should play} 15. Be3 $11) 15... Qxf6 $15 16. Nf5 Be5 17. g3 Bxf5 18. exf5 Bxc3 19. bxc3 Nd5 {[%cal Bb6d5,Bd5c3,Bc3e2][%mdl 32]} 20. Bc4 (20. Rac1 $15) 20... Nxc3 $17 ({Inferior is} 20... Qxc3 21. Qxc3 Nxc3 22. Rd7 $14) 21. Rd7 $2 {[#]} (21. Rdc1 $17 {was forced.} Rad8 22. Bd3 (22. Qxc3 $2 Rd1+ 23. Rxd1 Qxc3 $19)) 21... Ne2+ $1 $19 {[%mdl 512]} 22. Kg2 (22. Bxe2 Qxa1+) 22... Qxa1 23. Rxf7 $2 (23. Bxe2 Qe5 24. Bf3) 23... Qg1+ 24. Kh3 Qxf2 {( -> ...Ng1+)} 25. Bxe2 Qxe2 (25... Rxe2 $142 26. Rf8+ Rxf8 27. Qc4+ Kh7 28. Qf4 Qxh2+ 29. Kg4 Rxa2 30. Qe5 Ra4+ 31. Kf3 Qh5+ 32. g4 Qxg4+ 33. Kf2 Ra2+ 34. Ke3 Qe2+ 35. Kd4 Rd8+ 36. Qd6 Rc2 37. Qxd8 Rc4#) 0-1

[Event "22nd Hoogeveen Open 2018"]
[Site "Hoogeveen"]
[Date "2018.10.27"]
[Round "9"]
[White "Hoffman, Ron"]
[Black "Van Dorp, Folke"]
[Result "1-0"]
[WhiteElo "2060"]
[BlackElo "2097"]
[Annotator "NA"]
[PlyCount "81"]
[EventDate "2018.10.20"]
[EventType "swiss"]
[EventCountry "NED"]
[SourceTitle "playchess.com"]
[Source "ChessBase"]
[SourceQuality "1"]
[TimeControl "40/5400+30:1800+30"]

1. Nf3 {[%emt 0:00:35]} Nf6 {[%emt 0:00:00]} 2. c4 {[%emt 0:00:24]} g6 {[%emt 0:00:02]} 3. Nc3 {[%emt 0:01:57]} Bg7 {[%emt 0:00:05]} 4. g3 {[%emt 0:00:13]} d6 {[%emt 0:00:11]} 5. Bg2 {[%emt 0:00:06]} O-O {[%emt 0:00:17]} 6. O-O {[%emt 0:00:09]} Nc6 {[%emt 0:00:16]} 7. Rb1 {[%emt 0:00:19]} Na5 {[%emt 0:06:21] A16: Englische Eröffnung} (7... e5 8. b4 Be6 9. d3 h6 10. b5 Ne7 11. a4 Qd7 12. Ba3 Rfe8 13. Nd2 Rab8 14. a5 b6 15. Nde4 Nh7 16. axb6 axb6 17. Bb2 f5 18. Nd2 Nf6 19. Ra1 d5 20. cxd5 Nexd5 21. Nxd5 Bxd5 22. Bxd5+ Qxd5 {1-0 (74) Nepomniachtchi,I (2705)-Nakamura,H (2816) Baku 2015}) 8. d3 {[%emt 0:00:43]} c5 {[%emt 0:02:08]} 9. a3 {[%emt 0:01:16]} Nc6 {[%emt 0:12:09]} 10. b4 {[%emt 0:04:32]} Nd7 {[%emt 0:09:30]} 11. Nd5 {[%emt 0:05:32]} e6 {[%emt 0:02:10]} 12. Nf4 $146 {[%emt 0:04:03]} ({Vorgänger:} 12. Ne3 f5 13. Bb2 Nd4 14. bxc5 dxc5 15. Nc2 Nxc2 16. Bxg7 Kxg7 17. Qxc2 {½-½ (23) Opio Odongo,S-Buti,R Kampala 2011}) 12... Rb8 {[%emt 0:03:46]} 13. b5 {[%emt 0:07:39]} Nd4 {[%emt 0:04:39]} 14. Nxd4 {[%emt 0:02:27]} Bxd4 {[%emt 0:03:38]} 15. e3 {[%emt 0:01:29]} Bg7 {[%emt 0:00:36]} 16. Bb2 {[%emt 0:03:42]} Bxb2 {[%emt 0:02:16]} 17. Rxb2 {[%emt 0:00:12]} Qf6 {[%emt 0:00:18]} 18. d4 {[%emt 0:07:19]} Nb6 {[%emt 0:02:55]} 19. Rc2 {[%emt 0:07:11]} Rd8 {[%emt 0:08:42]} 20. Qa1 {[%emt 0:07:17]} cxd4 {[%emt 0:07:14]} 21. exd4 {[%emt 0:02:14]} g5 $16 {[%emt 0:05:15]} 22. Ne2 {[%emt 0:01:29]} d5 {[%emt 0:02:54]} 23. c5 {[%emt 0:06:50]} Nc4 {[%emt 0:00:04]} 24. a4 {[%emt 0:07:52]} Rf8 {[%emt 0:07:00]} 25. Qc3 {[%emt 0:03:18]} Bd7 {[%emt 0:01:07]} 26. f4 {[%emt 0:01:11]} a6 {[%emt 0:01:18]} 27. Qb3 {[%emt 0:04:06]} axb5 {[%emt 0:03:10]} 28. axb5 {[%emt 0:00:50]} Ra8 {[%emt 0:00:06]} 29. Rxc4 {[%emt 0:01:52]} dxc4 {[%emt 0:00:15]} 30. Qxc4 {[%emt 0:00:02]} Bc8 {[%emt 0:04:16]} 31. Nc3 {[%emt 0:04:32]} Rd8 {[%emt 0:02:42]} 32. d5 {[%emt 0:02:00]} exd5 {[%emt 0:02:55]} 33. Nxd5 {[%emt 0:01:00]} Rxd5 {[%emt 0:00:12]} 34. Bxd5 {[%emt 0:02:18]} gxf4 {[%emt 0:01:29]} 35. Qxf4 {[%emt 0:02:34]} Qxf4 {[%emt 0:00:37]} 36. Rxf4 {[%emt 0:00:01]} Bh3 {[%emt 0:00:42]} 37. Rxf7 {[%emt 0:00:41]} Kh8 {[%emt 0:00:04]} 38. Rxb7 {[%emt 0:02:14]} Rd8 {[%emt 0:01:30]} 39. Be4 {[%emt 0:00:32]} Rd1+ {[%emt 0:00:08]} 40. Kf2 {[%emt 0:00:06]} Rf1+ {[%emt 0:00:13]} 41. Ke2 {[%emt 0:30:26]} 1-0

[Event "22nd Hoogeveen Open 2018"]
[Site "Hoogeveen"]
[Date "2018.10.27"]
[Round "9"]
[White "Verhoef, Pieter"]
[Black "Hulshof, Peter"]
[Result "1-0"]
[WhiteElo "2058"]
[BlackElo "2168"]
[Annotator "NA"]
[PlyCount "61"]
[EventDate "2018.10.20"]
[EventType "swiss"]
[EventCountry "NED"]
[SourceTitle "playchess.com"]
[Source "ChessBase"]
[SourceQuality "1"]
[TimeControl "40/5400+30:1800+30"]

{[%evp 10,53,32,16,32767,32767,32767,32767,32767,32767,32767,32767,32767,32767,32767,32767,32767,32767,32767,25,32767,20,24,17,16,15,19,0,0,0,0,-12,-14,0,-7,-4,0,-21,-29,-15,32767,999,1100,1145,1091,1181]} 1. e4 {[%emt 0:00:00]} g6 {[%emt 0:00:00]} 2. d4 {[%emt 0:00:00]} Bg7 {[%emt 0:00:00]} 3. Nc3 {[%emt 0:00:00]} c6 {[%emt 0:00:00]} 4. Nf3 {[%emt 0:00:00]} d5 {[%emt 0:00:08]} 5. h3 {[%emt 0:00:00]} Nf6 {[%emt 0:00:53]} 6. Bd3 {[%emt 0:00:01] LiveBook: 304 Games} (6. e5 $5 {[%cal Re5f6]} Ne4 7. Nxe4 dxe4 8. Ng5 $14) 6... dxe4 {[%emt 0:00:32]} 7. Nxe4 {[%emt 0:00:08]} Nxe4 {[%emt 0:00:07]} 8. Bxe4 {[%emt 0:00:07]} O-O {[%emt 0:00:53]} 9. O-O {[%emt 0:00:07]} Nd7 {[%emt 0:00:07]} 10. c3 {[%emt 0:00:07]} c5 {[%emt 0:00:24]} 11. Be3 {[%emt 0:00:07]} Nf6 {[%emt 0:04:22] B15: Caro-Kann: 3 Nc3: 3...g6 and 3...dxe4 4 Nxe4 Nf6 5 Nxf6+ exf6} (11... cxd4 12. Nxd4 a6 13. Qe2 Qc7 14. Rfd1 Nf6 15. Bc2 b6 16. Nf3 e5 17. Bb3 Bb7 18. Qc4 Qxc4 19. Bxc4 {1-0 (37) Chuprikov,D (2328)-Olenin,N (2346) Lipetsk 2017}) 12. Bc2 {[%emt 0:00:09]} cxd4 {[%emt 0:00:07]} 13. Bxd4 {[%emt 0:00:07]} b6 {[%emt 0:00:21]} 14. Qe2 {[%emt 0:02:51]} Bb7 {[%emt 0:07:11]} 15. Rad1 {[%emt 0:01:47]} Qc8 $146 {[%emt 0:01:35]} ({Predecessor:} 15... Qc7 16. Rfe1 e6 17. Be5 Qc8 18. Rd4 Rd8 19. Red1 Rxd4 20. Rxd4 {0-1 (41) Fransson,P (2121)-Malekian,B (2219) Sweden 2016}) 16. Rfe1 {[%emt 0:03:36]} e6 {[%emt 0:04:56]} 17. Rd2 {[%emt 0:02:40]} Qc6 {[%emt 0:07:54]} 18. Qf1 {[%emt 0:09:45]} Qc8 {[%emt 0:02:59]} 19. Ng5 {[%emt 0:13:27]} Rd8 {[%emt 0:11:30]} 20. Red1 {[%emt 0:01:03]} h6 {[%emt 0:09:54]} 21. Bxf6 {[%emt 0:03:13]} Rxd2 {[%emt 0:02:18]} 22. Rxd2 {[%emt 0:00:30]} Bxf6 {[%emt 0:00:15]} 23. Nxf7 {[%emt 0:04:34]} Kxf7 {[%emt 0:02:17]} 24. Qd3 {[%emt 0:00:06]} Qe8 {[%emt 0:08:05]} 25. Qxg6+ {[%emt 0:00:52]} Ke7 {[%emt 0:00:56]} 26. Qh7+ {[%emt 0:00:10]} Kf8 {[%emt 0:03:53]} 27. Rd7 $18 {[%emt 0:03:20]} Qxd7 {[%emt 0:04:02]} 28. Qxd7 {[%emt 0:00:08]} Bd5 {[%emt 0:00:04]} 29. Qd6+ {[%emt 0:01:53]} Kf7 {[%emt 0:01:59]} 30. Qc7+ {[%emt 0:00:35]} Kf8 {[%emt 0:01:10]} 31. Bg6 {[%emt 0:00:22]} 1-0